Top 15 der betroffenen Covid-19-Länder - 23. Juni - Statistiken

Allgemein
  • Dieses Quiz wurde 19 mal gespielt
  • Das Durchschnittsergebnis liegt bei 12 aus 26
Antwortstatistiken
Land % Korrekt
Vereinigte Staaten
94%
Deutschland
89%
Russland
83%
Brasilien
72%
Indien
72%
Italien
72%
Vereinigtes Königreich
72%
Iran
61%
Spanien
61%
Türkei
56%
Mexiko
50%
Peru
44%
Pakistan
39%
Chile
33%
Chile
33%
Katar
33%
Schweden
33%
Bahrain
28%
Belgien
28%
Kuwait
28%
Saudi-Arabien
28%
Weißrussland
22%
Armenien
17%
Oman
17%
Singapur
17%
Panama
11%
Keine übereinstimmenden Quizze gefunden
Verteilung der Resultate
Anzahl Personen mit jedem Resultat
Perzentil nach korrekt beantworteten Fragen
Ihre Resultats-Entwicklung
Sie haben dieses Quiz noch nicht gespielt